[Event "Collado Villalba op 40th"]
[Site "Collado Villalba"]
[Date "2023.08.25"]
[Round "4"]
[White "Plaza Plaza, Prudencio"]
[Black "Moreno Uribarri, Miguel"]
[Result "1-0"]
[WhiteElo "1321"]
[BlackElo "1869"]
[PlyCount "103"]
[EventDate "2023.08.22"]
[EventType "swiss"]
[EventRounds "9"]
[EventCountry "ESP"]
[SourceTitle "EXT 2024"]
[Source "ChessBase"]
[SourceDate "2023.10.10"]
[SourceVersion "1"]
[SourceVersionDate "2023.10.10"]
[SourceQuality "1"]

1. d4 Nf6 2. Nf3 g6 3. Nc3 c5 4. e4 cxd4 5. Nxd4 d6 6. Be3 Bg7 7. Bb5+ Bd7 8. Bxd7+ Qxd7 9. h3 Nc6 10. 0-0 0-0 11. Qd2 Rac8 12. Rfe1 a6 13. Nxc6 Qxc6 14. Bh6 Rfe8 15. Bxg7 Kxg7 16. e5 dxe5 17. Rxe5 Red8 18. Qe3 e6 19. Qg3 Rd2 20. Rc1 b5 21. a3 Rcd8 22. Re2 Rxe2 23. Nxe2 Qc4 24. Qe3 Qd5 25. Nf4 Qd6 26. Nd3 a5 27. Qe5 Qc6 28. Qc5 Qb7 29. Qc3 a4 30. Nc5 Qd5 31. Nd3 h5 32. Nf4 Qg5 33. g3 h4 34. Re1 hxg3 35. fxg3 b4 36. axb4 Qb5 37. Rxe6 Rd1+ 38. Re1 Qb6+ 39. Kf1 Qb5+ 40. Ne2 Qf5+ 41. Nf4 Rxe1+ 42. Kxe1 g5 43. Nh5+ Kg6 44. Qxf6+ Qxf6 45. Nxf6 Kxf6 46. b5 Ke5 47. c4 Kd6 48. Kd2 Kc5 49. Kd3 f5 50. h4 f4 51. hxg5 fxg3 52. Ke3 1-0

[Event "Mostoles op 12th"]
[Site "Mostoles"]
[Date "2023.07.23"]
[Round "1"]
[White "Perez Hernandez, Alfonso"]
[Black "Plaza Plaza, Prudencio"]
[Result "1-0"]
[WhiteElo "1765"]
[BlackElo "1335"]
[PlyCount "59"]
[EventDate "2023.07.23"]
[EventType "swiss"]
[EventRounds "8"]
[EventCountry "ESP"]
[SourceTitle "CBM 215 Extra"]
[Source "ChessBase"]
[SourceDate "2023.09.30"]
[SourceVersion "1"]
[SourceVersionDate "2023.09.30"]
[SourceQuality "1"]

1. Nf3 d5 2. c4 e6 3. g3 Nf6 4. Bg2 Be7 5. 0-0 0-0 6. b3 b6 7. Bb2 Bb7 8. d3 Nbd7 9. a4 a5 10. Nc3 c6 11. e4 Qc7 12. cxd5 exd5 13. Rc1 Rfe8 14. exd5 cxd5 15. Nxd5 Qxc1 16. Qxc1 Bxd5 17. Nd4 Rac8 18. Qd1 Nc5 19. Bxd5 Nxd5 20. Nf5 Bf8 21. Qg4 Ne6 22. Nh6+ Kh8 23. Nxf7+ Kg8 24. Nh6+ Kh8 25. Re1 Ndc7 26. Qh5 Rcd8 27. Nf7+ Kg8 28. Nxd8 Rxd8 29. Qf5 Nd4 30. Qg4 1-0

[Event "Collado Villalba Grupo Gallinero op 1st"]
[Site "Collado Villalba"]
[Date "2022.08.14"]
[Round "5"]
[White "Fernandez Liria, Cristobal"]
[Black "Plaza Plaza, Prudencio"]
[Result "1-0"]
[WhiteElo "1670"]
[BlackElo "1255"]
[PlyCount "53"]
[EventDate "2022.08.12"]
[EventType "swiss"]
[EventRounds "9"]
[EventCountry "ESP"]
[SourceTitle "CBM 210 Extra"]
[Source "ChessBase"]
[SourceDate "2022.11.30"]
[SourceVersion "1"]
[SourceVersionDate "2022.11.30"]
[SourceQuality "1"]

1. e4 c5 2. d4 cxd4 3. c3 dxc3 4. Nxc3 Nc6 5. Nf3 e6 6. Bf4 Bb4 7. Bc4 Nge7 8. 0-0 Bxc3 9. bxc3 d5 10. Bd3 0-0 11. Qc2 Ng6 12. Bg3 d4 13. h4 e5 14. h5 Nf4 15. Nxe5 Nxe5 16. Bxf4 Nxd3 17. Qxd3 dxc3 18. Qxc3 Qf6 19. Qxf6 gxf6 20. f3 f5 21. Rac1 fxe4 22. fxe4 Be6 23. a3 b5 24. Rc3 a6 25. Rg3+ Kh8 26. Be5+ f6 27. Rxf6 1-0

[Event "Madrid-ch Seniors 65+"]
[Site "Madrid"]
[Date "2022.04.26"]
[Round "6"]
[White "Fernandez Garcia, Ignacio"]
[Black "Plaza Plaza, Prudencio"]
[Result "1-0"]
[WhiteElo "1796"]
[BlackElo "1245"]
[PlyCount "57"]
[EventDate "2022.04.18"]
[EventType "swiss"]
[EventRounds "7"]
[EventCountry "ESP"]
[SourceTitle "EXT 2023"]
[Source "ChessBase"]
[SourceDate "2022.10.05"]
[SourceVersion "1"]
[SourceVersionDate "2022.10.05"]
[SourceQuality "1"]

1. e4 c5 2. Nf3 Nc6 3. Bc4 e6 4. Nc3 Nf6 5. e5 d5 6. Bb5 Nd7 7. Qe2 a6 8. Bxc6 bxc6 9. d4 cxd4 10. Nxd4 c5 11. Nf3 Be7 12. h4 d4 13. Ne4 Qc7 14. Bf4 Bb7 15. 0-0-0 f6 16. Nd6+ Kf8 17. Nxb7 Qxb7 18. exf6 Bxf6 19. Qxe6 Re8 20. Bd6+ Be7 21. Ng5 Ne5 22. Qxe5 Bxd6 23. Qxd6+ Qe7 24. Ne6+ Kg8 25. Qxe7 Rxe7 26. Nxc5 Kf7 27. Rhe1 Rhe8 28. Rxe7+ Rxe7 29. Rxd4 1-0

[Event "Alcorcon Spring op-B 1st"]
[Site "Alcorcon"]
[Date "2019.05.26"]
[Round "9"]
[White "Del Alamo Fajardo, Fernando"]
[Black "Plaza Plaza, Prudencio"]
[Result "0-1"]
[WhiteElo "1303"]
[BlackElo "1440"]
[PlyCount "86"]
[EventDate "2019.03.24"]
[EventType "swiss"]
[EventRounds "9"]
[EventCountry "ESP"]
[SourceTitle "EXT 2020"]
[Source "ChessBase"]
[SourceDate "2019.10.17"]
[SourceVersion "1"]
[SourceVersionDate "2019.10.17"]
[SourceQuality "1"]

1. e4 c5 2. Nf3 d6 3. d4 cxd4 4. Nxd4 Nf6 5. Nc3 a6 6. Be2 e5 7. Nb3 Be7 8. 0-0 0-0 9. Be3 b5 10. f3 Bb7 11. Qe1 Nbd7 12. Qg3 Nb6 13. Bh6 Nh5 14. Qg4 Rc8 15. Na5 Ba8 16. Rac1 Kh8 17. Be3 Nf6 18. Qg3 Nbd5 19. Nxd5 Nxd5 20. Bd2 Bh4 21. Qh3 Nf4 22. Bxf4 exf4 23. Nb3 Qb6+ 24. Kh1 Bf2 25. c3 Qe3 26. Rc2 d5 27. exd5 Bxd5 28. Bxb5 axb5 29. Rcxf2 Bc4 30. g3 Bxf1 31. Rxf1 b4 32. cxb4 Rc2 33. gxf4 Rxb2 34. Rc1 g6 35. b5 Rxb3 36. axb3 Qxc1+ 37. Kg2 Re8 38. Qg3 f5 39. Qg5 Kg7 40. b6 Re2+ 41. Kh3 Qf1+ 42. Kg3 Qg2+ 43. Kh4 Qxh2# 0-1